000 00291nam a22001337a 4500
008 171010b xxu||||| |||| 00| 0 eng d
020 _a9780813387062
041 _aeng
080 _a316
100 _a50
101 _aPSI
245 _aTHEORIZIM FEMINISM
_cHERRMANN.AC
942 _2udc
_cBK
999 _c32734
_d32734